[Event "ESP-ch U14 rapid"]
[Site "Salobrena"]
[Date "2024.07.21"]
[Round "6"]
[White "Membrive Vargas, Gerard"]
[Black "Miro Garcia, Julia"]
[Result "0-1"]
[WhiteElo "1721"]
[BlackElo "1848"]
[PlyCount "63"]
[EventDate "2024.07.20"]
[EventType "swiss (rapid)"]
[EventRounds "9"]
[EventCountry "ESP"]
[SourceTitle "CBM 221 Extra"]
[Source "ChessBase"]
[SourceDate "2024.09.30"]
[SourceVersion "1"]
[SourceVersionDate "2024.09.30"]
[SourceQuality "1"]

1. e4 e6 2. d4 d5 3. e5 c5 4. c3 Nc6 5. Nf3 Nge7 6. Be2 cxd4 7. cxd4 Nf5 8. b3 Bb4+ 9. Kf1 h6 10. Bb2 a6 11. g3 0-0 12. Kg2 f6 13. exf6 Qxf6 14. Rf1 Ba5 15. Na3 b5 16. Rc1 Bb7 17. Nc2 Bb6 18. Qd2 Rae8 19. Rfd1 e5 20. dxe5 Nxe5 21. Nxe5 Rxe5 22. Bxe5 Nh4+ 23. Kh3 Qxe5 24. Rf1 Bc8+ 25. g4 Ng6 26. Bd3 Qh5+ 27. Kg2 Qxg4+ 28. Kh1 Qf3+ 29. Kg1 Nh4 30. Ne3 d4 31. Be2 Qh3 32. Bg4 0-1

[Event "Foment Martinenc op-A 24th"]
[Site "Barcelona"]
[Date "2024.05.11"]
[Round "4"]
[White "Shamim, Hossain"]
[Black "Miro Garcia, Julia"]
[Result "0-1"]
[WhiteElo "1775"]
[BlackElo "1804"]
[PlyCount "98"]
[EventDate "2024.04.20"]
[EventType "swiss"]
[EventRounds "9"]
[EventCountry "ESP"]
[SourceTitle "CBM 220 Extra"]
[Source "ChessBase"]
[SourceDate "2024.07.31"]
[SourceVersion "1"]
[SourceVersionDate "2024.07.31"]
[SourceQuality "1"]

1. d4 d5 2. c4 e6 3. Nf3 Nf6 4. Nc3 Be7 5. Bg5 h6 6. Bh4 0-0 7. e3 b6 8. cxd5 Nxd5 9. Bxe7 Qxe7 10. Nxd5 exd5 11. a3 Be6 12. Be2 c5 13. 0-0 Nd7 14. Rc1 Rac8 15. Qa4 Qd6 16. Bb5 Rfd8 17. Bxd7 Bxd7 18. Qa6 c4 19. Rfe1 Bf5 20. Qa4 Be4 21. Nd2 Bd3 22. Rc3 Rb8 23. b3 b5 24. Qb4 Qb6 25. a4 bxa4 26. Qxb6 axb6 27. b4 b5 28. Nf3 f6 29. Ra1 Ra8 30. Ne1 Rdc8 31. Rac1 Bf5 32. Ra3 Ra7 33. Rcc3 Be4 34. f3 Bg6 35. Kf2 Kf7 36. g3 Re7 37. Ng2 Bf5 38. g4 Bd7 39. Nf4 Be6 40. h3 Rh8 41. e4 g5 42. Nh5 Kg6 43. Ng3 Rf7 44. Ra1 Ra7 45. Ke3 Rha8 46. Raa3 Re8 47. Nf1 dxe4 48. fxe4 Bd5 49. Ng3 Bxe4 0-1

[Event "ESP-ch U14"]
[Site "Salobrena"]
[Date "2023.07.18"]
[Round "9"]
[White "Rodriguez Canovas, Elena"]
[Black "Miro Garcia, Julia"]
[Result "1/2-1/2"]
[WhiteElo "1734"]
[BlackElo "1592"]
[PlyCount "90"]
[EventDate "2023.07.17"]
[EventType "swiss"]
[EventRounds "9"]
[EventCountry "ESP"]
[SourceTitle "EXT 2024"]
[Source "ChessBase"]
[SourceDate "2023.10.10"]
[SourceVersion "1"]
[SourceVersionDate "2023.10.10"]
[SourceQuality "1"]

1. d4 d5 2. Nf3 Nf6 3. g3 Bg4 4. Bg2 e6 5. 0-0 Nbd7 6. c4 c6 7. Qb3 Qb6 8. c5 Qxb3 9. axb3 Be7 10. Nc3 0-0 11. b4 a6 12. Nd2 e5 13. Nb3 exd4 14. Nxd4 Ne5 15. Bf4 Nfd7 16. h4 h6 17. f3 Bh5 18. Bh3 Bg6 19. Ra2 Rfd8 20. Na4 Bh7 21. Bf5 Bxf5 22. Nxf5 Bf8 23. h5 Re8 24. Rd1 a5 25. bxa5 Nxc5 26. Nb6 Rad8 27. Nd4 Ncd7 28. Nxd7 Rxd7 29. Nc2 Bc5+ 30. Be3 Bxe3+ 31. Nxe3 Nxf3+ 32. exf3 Rxe3 33. Kf2 Re8 34. a6 bxa6 35. Rxa6 Rc7 36. Rc1 Rec8 37. Ke3 c5 38. Rd6 d4+ 39. Kd3 Kf8 40. Rd5 f6 41. Rc2 Ke7 42. Re2+ Kf7 43. Kc4 Kf8 44. Rd2 Ke7 45. Rc2 Kf7 1/2-1/2

[Event "ESP-ch U14"]
[Site "Salobrena"]
[Date "2023.07.17"]
[Round "2"]
[White "Miro Garcia, Julia"]
[Black "Cesar Maestre, Eduardo"]
[Result "0-1"]
[WhiteElo "1592"]
[BlackElo "1786"]
[PlyCount "118"]
[EventDate "2023.07.17"]
[EventType "swiss"]
[EventRounds "9"]
[EventCountry "ESP"]
[SourceTitle "EXT 2024"]
[Source "ChessBase"]
[SourceDate "2023.10.10"]
[SourceVersion "1"]
[SourceVersionDate "2023.10.10"]
[SourceQuality "1"]

1. d4 d5 2. c4 e6 3. Nc3 c6 4. e4 dxe4 5. Nxe4 Bb4+ 6. Bd2 Bxd2+ 7. Qxd2 Nf6 8. Nxf6+ Qxf6 9. Nf3 0-0 10. 0-0-0 Nd7 11. Bd3 e5 12. dxe5 Nxe5 13. Nxe5 Qxe5 14. Rde1 Qf6 15. Re3 Be6 16. Rf3 Qe7 17. h4 Rfd8 18. Qc3 c5 19. Rg3 Rd4 20. h5 h6 21. Qd2 Kf8 22. b3 Rad8 23. Qc2 Qd6 24. Be4 Rd2 25. Qc3 f6 26. Rf3 Bg4 27. Rg3 Rd1+ 28. Rxd1 Qxd1+ 29. Kb2 Qe2+ 30. Bc2 Bf5 31. Re3 Qxf2 32. Rf3 Qxc2+ 33. Qxc2 Bxc2 34. Kxc2 Rd4 35. Rf5 b6 36. Rd5 Rxd5 37. cxd5 b5 38. Kd3 f5 39. a4 a6 40. axb5 axb5 41. Ke3 Ke7 42. Kf4 Kd6 43. Kxf5 Kxd5 44. Kg6 c4 45. bxc4+ bxc4 46. Kxg7 c3 47. Kxh6 c2 48. g4 c1Q+ 49. g5 Ke6 50. Kg6 Qf1 51. Kh7 Qf7+ 52. Kh6 Qg8 53. g6 Qh8+ 54. Kg5 Qg7 55. Kg4 Qh6 56. Kh4 Kf5 57. Kg3 Qxh5 58. g7 Qg5+ 59. Kf3 Qxg7 0-1

[Event "ESP-ch U12 Rapid"]
[Site "Salobrena"]
[Date "2022.07.17"]
[Round "5"]
[White "Odriozola Coscolin, Dani"]
[Black "Miro Garcia, Julia"]
[Result "1-0"]
[WhiteElo "1246"]
[BlackElo "1427"]
[PlyCount "105"]
[EventDate "2022.07.09"]
[EventType "swiss (rapid)"]
[EventRounds "9"]
[EventCountry "ESP"]
[SourceTitle "EXT 2023"]
[Source "ChessBase"]
[SourceDate "2022.10.05"]
[SourceVersion "1"]
[SourceVersionDate "2022.10.05"]
[SourceQuality "1"]

1. e4 e6 2. d4 d5 3. Nd2 Nf6 4. e5 Nfd7 5. Bd3 c5 6. c3 Nc6 7. Ne2 cxd4 8. cxd4 f6 9. exf6 Nxf6 10. Nf3 Bd6 11. 0-0 0-0 12. Bf4 Bxf4 13. Nxf4 Ng4 14. Qd2 e5 15. dxe5 Ngxe5 16. Nxe5 Nxe5 17. Nxd5 Nxd3 18. Qxd3 Be6 19. Rfd1 Bxd5 20. Qxd5+ Qxd5 21. Rxd5 Rf7 22. Rad1 h6 23. h3 Raf8 24. R1d2 Kh7 25. Rd7 Kg6 26. f3 a6 27. Kf2 Rxd7 28. Rxd7 b5 29. Rd6+ Kf5 30. Rxa6 Rc8 31. Kg3 Rc2 32. b3 Rc5 33. Ra5 Ke6 34. a4 Rc3 35. Rxb5 g5 36. a5 Rc6 37. Rb6 Rxb6 38. axb6 Kd6 39. Kg4 Kc6 40. Kh5 Kxb6 41. Kxh6 Kb5 42. Kxg5 Kb4 43. h4 Kxb3 44. h5 Kc4 45. h6 Kd5 46. h7 Ke6 47. h8Q Kf7 48. Qh6 Kg8 49. Qf6 Kh7 50. f4 Kg8 51. Qe7 Kh8 52. Kg6 Kg8 53. Qg7# 1-0